The Buddhakṣetra of Bodhgaya: Saṅgha, Exchanges and Trade Networks

Saved in:  
Bibliographic Details
Main Author: Amar, Abhishek Singh (Author)
Format: Print Article
Language:English
Check availability: HBZ Gateway
Interlibrary Loan:Interlibrary Loan for the Fachinformationsdienste (Specialized Information Services in Germany)
Published: 2014
In: Religions and trade
Year: 2014, Pages: 117-140

MARC

LEADER 00000caa a22000002c 4500
001 1752404025
003 DE-627
005 20230705110012.0
007 tu
008 210325s2014 xx ||||| 00| ||eng c
020 |a 9789004255289 
035 |a (DE-627)1752404025 
035 |a (DE-599)KXP1752404025 
040 |a DE-627  |b ger  |c DE-627  |e rda 
041 |a eng 
084 |a 0  |a 1  |2 ssgn 
100 1 |a Amar, Abhishek Singh  |e VerfasserIn  |4 aut 
245 1 4 |a The Buddhakṣetra of Bodhgaya  |b Saṅgha, Exchanges and Trade Networks 
264 1 |c 2014 
336 |a Text  |b txt  |2 rdacontent 
337 |a ohne Hilfsmittel zu benutzen  |b n  |2 rdamedia 
338 |a Band  |b nc  |2 rdacarrier 
601 |a Network 
773 0 8 |i Enthalten in  |t Religions and trade  |d Leiden [u.a.] : Brill, 2014  |g (2014), Seite 117-140  |h XIX, 373 S.  |w (DE-627)770532993  |w (DE-576)394559533  |z 9789004255289  |7 nnam 
773 1 8 |g year:2014  |g pages:117-140 
935 |a mteo 
951 |a AR 
ELC |b 1 
ITA |a 1  |t 1 
LOK |0 000 xxxxxcx a22 zn 4500 
LOK |0 001 389423279X 
LOK |0 003 DE-627 
LOK |0 004 1752404025 
LOK |0 005 20210325044944 
LOK |0 008 210325||||||||||||||||ger||||||| 
LOK |0 035   |a (DE-Tue135)770532993_2014_117 
LOK |0 040   |a DE-Tue135  |c DE-627  |d DE-Tue135 
LOK |0 092   |o n 
LOK |0 852   |a DE-Tue135 
LOK |0 852 1  |9 00 
LOK |0 935   |a imwa  |a ixau  |a rwrk 
LOK |0 939   |a 25-03-21  |b l01 
ORI |a SA-MARC-ixtheoa001.raw 
REL |a 1 
SUB |a REL